<?xml version="1.0" encoding="UTF-8"?>
<record
    xmlns:xsi="http://www.w3.org/2001/XMLSchema-instance"
    xsi:schemaLocation="http://www.loc.gov/MARC21/slim http://www.loc.gov/standards/marcxml/schema/MARC21slim.xsd"
    xmlns="http://www.loc.gov/MARC21/slim">

  <leader>01250nam a22002657a 4500</leader>
  <controlfield tag="001">BRCA_9171</controlfield>
  <controlfield tag="003">FranzMayer</controlfield>
  <controlfield tag="005">20220809131327.0</controlfield>
  <controlfield tag="008">220627b        |||||||| |||| 00| 0 eng d</controlfield>
  <datafield tag="020" ind1=" " ind2=" ">
    <subfield code="a">9788494958830</subfield>
  </datafield>
  <datafield tag="040" ind1=" " ind2=" ">
    <subfield code="a">MFM</subfield>
    <subfield code="b">spa</subfield>
    <subfield code="c">MFM</subfield>
  </datafield>
  <datafield tag="050" ind1=" " ind2=" ">
    <subfield code="a">HQ1757 </subfield>
    <subfield code="b">.R95 2018</subfield>
  </datafield>
  <datafield tag="245" ind1="1" ind2="0">
    <subfield code="a">Lo que fue de ellas : </subfield>
    <subfield code="b">mujeres protagonistas en la ruta transpac&#xED;fica del Gale&#xF3;n de Manila. Siglos XVI-XIX.</subfield>
    <subfield code="c">Ana Ruiz Guti&#xE9;rrez [Ed.]</subfield>
  </datafield>
  <datafield tag="260" ind1=" " ind2=" ">
    <subfield code="a">Salobre&#xF1;a, Granada</subfield>
    <subfield code="b">Editorial Alhuila</subfield>
    <subfield code="c">[2018]</subfield>
  </datafield>
  <datafield tag="300" ind1=" " ind2=" ">
    <subfield code="a">254 p.</subfield>
    <subfield code="b">ilustraciones y tablas a color</subfield>
    <subfield code="c">22.5 cm</subfield>
  </datafield>
  <datafield tag="500" ind1=" " ind2=" ">
    <subfield code="a">Ubicaci&#xF3;n: L59-N5</subfield>
  </datafield>
  <datafield tag="500" ind1=" " ind2=" ">
    <subfield code="a">Incluye bibliograf&#xED;a al terminar cada cap&#xED;tulo</subfield>
  </datafield>
  <datafield tag="500" ind1=" " ind2=" ">
    <subfield code="a">Incluye un cap&#xED;tulo en ingl&#xE9;s</subfield>
  </datafield>
  <datafield tag="500" ind1=" " ind2=" ">
    <subfield code="a">Libro de pasta dura</subfield>
  </datafield>
  <datafield tag="520" ind1=" " ind2=" ">
    <subfield code="a">Colaboraci&#xF3;n de acad&#xE9;micas y acad&#xE9;micos de Espa&#xF1;a, M&#xE9;xico, Taiwan y Filipinas donde abordan por medio de estudios monogr&#xE1;ficos, la presencia de la mujer en las cr&#xF3;nicas hispanas, en la vida cotidiana manile&#xF1;a, en el comercio del gale&#xF3;n y su papel en el &#xE1;mbito art&#xED;stico, entre otros.</subfield>
  </datafield>
  <datafield tag="650" ind1="1" ind2="0">
    <subfield code="a">Mujeres</subfield>
    <subfield code="x">Historia</subfield>
    <subfield code="z">Filipinas</subfield>
    <subfield code="9">28355</subfield>
  </datafield>
  <datafield tag="650" ind1="1" ind2="0">
    <subfield code="a">Rutas comerciales</subfield>
    <subfield code="x">Historia</subfield>
    <subfield code="z">Filipinas</subfield>
    <subfield code="9">28356</subfield>
  </datafield>
  <datafield tag="650" ind1="1" ind2="0">
    <subfield code="a">Rutas comerciales</subfield>
    <subfield code="x">Historia</subfield>
    <subfield code="z">Espa&#xF1;a</subfield>
    <subfield code="9">28357</subfield>
  </datafield>
  <datafield tag="942" ind1=" " ind2=" ">
    <subfield code="2">lcc</subfield>
    <subfield code="c">B</subfield>
  </datafield>
  <datafield tag="999" ind1=" " ind2=" ">
    <subfield code="c">10790</subfield>
    <subfield code="d">10790</subfield>
  </datafield>
  <datafield tag="952" ind1=" " ind2=" ">
    <subfield code="0">0</subfield>
    <subfield code="1">0</subfield>
    <subfield code="2">lcc</subfield>
    <subfield code="4">0</subfield>
    <subfield code="7">0</subfield>
    <subfield code="a">BRCA</subfield>
    <subfield code="b">BRCA</subfield>
    <subfield code="d">2022-06-27</subfield>
    <subfield code="l">0</subfield>
    <subfield code="o">HQ1757  .R95 2018</subfield>
    <subfield code="p">CONT9943</subfield>
    <subfield code="r">2022-06-27 00:00:00</subfield>
    <subfield code="t">1</subfield>
    <subfield code="w">2022-06-27</subfield>
    <subfield code="y">B</subfield>
  </datafield>
</record>
